000 00534nmm a22001817a 4500
005 20140321081603.0
008 131127b2000 ec ||||| |||| 00| 0 spa d
041 _aspa
044 _aec
090 _aLB
_b05795
100 _aFabara, J. (Comp.)
_93075
245 _aSistemas de información del parque nacional Llanganates
260 _aQuito
_bEcociencia
_bMinisterio del Ambiente República del Ecuador
_c 2000
300 _a1.
_c13 cm
710 _aEcociencia
_93076
710 _aMinisterio de Ambiente
_93077
942 _2z
_cCD-ROM
999 _c7943
_d7943